000 00626nam a22002052 4500
001 0000005784
005 20151217145825.0
008 070717s xx 000 0 eng d
020 _a0415197597 :
_cKES 2,300
040 _aKABU
_cKABU
050 0 _aLB1731
_b.B53
100 1 _aBlandford, Sonia.
_@0000157003
245 1 0 _aManaging professional development in schools.
260 _aLondon :
_bRoutledge,
_c2000.
300 _axviii, 226 p.
650 0 _aTeachers
_xIn service training
_zGreat Britain
_xAdministration.
_@0000157004
908 _a070717
950 _@1
999 _c2971
_d2971